MARC details
| 000 -LEADER |
| fixed length control field |
01391nam a2200205 a 4500 |
| 008 - FIXED-LENGTH DATA ELEMENTS--GENERAL INFORMATION |
| fixed length control field |
161011s2008 ||||||||||||||||| || u |
| 020 ## - INTERNATIONAL STANDARD BOOK NUMBER |
| International Standard Book Number |
9780855985868 |
| 050 ## - LIBRARY OF CONGRESS CALL NUMBER |
| Classification number |
RA 644.A25 Gen |
| 100 ## - MAIN ENTRY--PERSONAL NAME |
| Personal name |
Unterhalter, Elaine |
| 245 10 - TITLE STATEMENT |
| Title |
Gender equality, HIV and AIDS: a challenge for the education sector |
| Statement of responsibility, etc. |
Edited By Sheila Aikman, Elaine Unterhalter and Tania Boler |
| 260 ## - PUBLICATION, DISTRIBUTION, ETC. |
| Place of publication, distribution, etc. |
London: |
| Name of publisher, distributor, etc. |
Oxfarm GB |
| Date of publication, distribution, etc. |
2008 |
| 300 ## - PHYSICAL DESCRIPTION |
| Extent |
xii, 230p. |
| 650 ## - SUBJECT ADDED ENTRY--TOPICAL TERM |
| Topical term or geographic name entry element |
HIV/AIDS AND GENDER--GLOBAL |
| 700 ## - ADDED ENTRY--PERSONAL NAME |
| Personal name |
Aikman, Sheila |
| 995 ## - |
| -- |
MAIN LIBRARY OPEN ACCESS |
| -- |
747042 |
| -- |
CBU-MAIN LIBRARY (Kitwe) |
| -- |
RA 644.A25 Gen |
| -- |
2 |
| -- |
AVAILABLE |
| -- |
Nov 7, 2016 |
| -- |
747042 |
| -- |
Main Library Open Access Collection |
| 995 ## - |
| -- |
MICHAEL CHILUFYA SATA OPEN ACCESS |
| -- |
747043 |
| -- |
CBU-SCHOOL OF MEDICINE LIBRARY (Ndola) |
| -- |
RA 644.A25 Gen |
| -- |
3 |
| -- |
AVAILABLE |
| -- |
Nov 7, 2016 |
| -- |
747043 |
| -- |
Medical Library Open Access Collection |
| 995 ## - |
| -- |
MAIN LIBRARY OPEN ACCESS |
| -- |
747041 |
| -- |
CBU-MAIN LIBRARY (Kitwe) |
| -- |
RA 644.A25 Gen |
| -- |
1 |
| -- |
AVAILABLE |
| -- |
Nov 7, 2016 |
| -- |
747041 |
| -- |
Main Library Open Access Collection |
| 995 ## - |
| -- |
KAPASA MAKASA LIBRARY OPEN ACCESS |
| -- |
747045 |
| -- |
CBU-KAPASA MAKASA LIBRARY (Chinsali) |
| -- |
RA 644.A25 Gen |
| -- |
4 |
| -- |
AVAILABLE |
| -- |
Aug 18, 2017 |
| -- |
747045 |
| -- |
Kapasa Makasa Library Open Acess Collection |
| 995 ## - |
| -- |
MICHAEL CHILUFYA SATA OPEN ACCESS |
| -- |
747044 |
| -- |
CBU-SCHOOL OF MEDICINE LIBRARY (Ndola) |
| -- |
RA 644.A25 Gen |
| -- |
4 |
| -- |
AVAILABLE |
| -- |
Nov 7, 2016 |
| -- |
747044 |
| -- |
Medical Library Open Access Collection |
| 999 ## - |
| -- |
63897 |
| -- |
63897 |